| 000 | 01482nam0a2200361 4500 | ||
|---|---|---|---|
| 001 | RU\NLR\bibl\1692894 | ||
| 005 | 20260406141445.0 | ||
| 010 |
_a978-5-699-37326-0 _93000 |
||
| 021 |
_aRU _b2009-82384 _9554д/2010 |
||
| 035 | _a(nilc)EL/0000308017 | ||
| 035 | _a(NLR Aleph) 001684003 | ||
| 090 |
_a1119118 _c1119118 |
||
| 100 | _a20091207d2009 |||y0rusy50 ca | ||
| 101 | 1 |
_arus _ceng |
|
| 102 | _aRU | ||
| 105 | _aa z ||||| | ||
| 200 | 1 |
_aЕгипет _eот древних цивилизаций до современности _fАйзек Азимов _g[пер. с англ. Л. Игоревского] |
|
| 210 |
_aМосква _cЭКСМО _d2009 |
||
| 215 |
_a381, [1] с. _cил. _d21 |
||
| 225 | 1 |
_aПопулярная наука _fсост. Д. Байкалов |
|
| 600 | 1 |
_aАзимов _bА. _f1920 - 1992 _gАйзек _xИсторические взгляды _92508424 _3RU\NLR\auth\661487226 |
|
| 607 |
_aЕгипет _jПопулярные издания _xИстория _91026606 _3RU\NLR\auth\6675502 |
||
| 686 |
_a63.3(6Еги) _vLBC/M _2rubbk |
||
| 686 | _aШ5(7США)6-4Азимов33 | ||
| 686 | _aТ3(0)310я9 | ||
| 686 | _aТ3(6Ег)я9 | ||
| 700 | 1 |
_4070 _8rus _7ca _aАзимов _bА. _f1920-1992 _gАйзек _3RU\NLR\auth\773445 _9113441 |
|
| 801 | 0 |
_aRU _bРязанская ОУНБ _c20091207 _grcr |
|
| 801 | 1 |
_aRU _bРязанская ОУНБ _c20091207 _2rusmarc |
|
| 801 | 2 |
_aRU _bNLR _c20101029 _grcr |
|
| 942 | _cBOOK | ||
| 980 | _aNB | ||